书目信息 |
| 题名: |
宇宙波澜
|
|
| 作者: | 戴森 著 ;陈式苏 译 | |
| 分册: | ||
| 出版信息: | 上海 上海科学技术文献出版社 1982.11 |
|
| 页数: | 286页 | |
| 开本: | 20cm | |
| 丛书名: | ||
| 单 册: | ||
| 中图分类: | V11 | |
| 科图分类: | ||
| 主题词: | 航空--发展 , 航天--发展 , 空间探索 | |
| 电子资源: | ||
| ISBN: | ||
| 000 | 00616nam0 2200241 45 | |
| 001 | 0312221749 | |
| 005 | 20040517160033.0 | |
| 010 | @dCNY1.14 | |
| 091 | @a13192.47 | |
| 100 | @a20031222d1982 km y0chiy0120 ea | |
| 101 | @achi | |
| 105 | @a z 000yy | |
| 200 | 1 | @a宇宙波澜@AYu Zhou Bo Lan@f(美)戴森著@F(Mei)Dai Sen Zhu@g陈式苏等译 |
| 210 | @a上海@c上海科学技术文献出版社@d1982.11 | |
| 215 | @a286页@d20cm | |
| 606 | 0 | @a航空@x发展 |
| 606 | 0 | @a航天@x发展 |
| 606 | 0 | @a空间探索 |
| 690 | @aV11 | |
| 701 | 0 | @a戴森@4著 |
| 702 | 0 | @a陈式苏@4译 |
| 801 | @aCN@bTSTCL@c20031222 | |
| 905 | @dV11@e13@f1@b80206 | |
| 宇宙波澜/(美)戴森著/陈式苏等译.-上海:上海科学技术文献出版社,1982.11 |
| 286页;20cm |
| ISBN :CNY1.14 |
| ● |
| 相关链接 |
|
|
|
|
正题名:宇宙波澜
索取号:V11/13
 
预约/预借
| 序号 | 登录号 | 条形码 | 馆藏地/架位号 | 状态 | 备注 |
| 1 | 0080206 | 000566113 | 第三借阅区/ [索取号:V11/13] | 在馆 |